书目信息 |
| 题名: |
汽车性能与使用
|
|
| 作者: | 徐志军 主编 | |
| 分册: | ||
| 出版信息: | 北京 化学工业出版社 2016.3 |
|
| 页数: | 273页 | |
| 开本: | 26cm | |
| 丛书名: | ||
| 单 册: | ||
| 中图分类: | U461 | |
| 科图分类: | ||
| 主题词: | 汽车--高等教育--教材 , 汽车 | |
| 电子资源: | ||
| ISBN: | 978-7-122-07562-8 | |
| 000 | 00878nam0 2200253 450 | |
| 001 | 0400003849 | |
| 005 | 20171022151929.0 | |
| 010 | @a978-7-122-07562-8@dCNY36.00 | |
| 100 | @a20100420d2016 em y0chiy50 ea | |
| 101 | 0 | @achi |
| 102 | @aCN@b110000 | |
| 105 | @aa z 000yy | |
| 106 | @ar | |
| 200 | 1 | @a汽车性能与使用@9qi che xing neng yu shi yong@f徐志军主编 |
| 210 | @a北京@c化学工业出版社@d2016.3 | |
| 215 | @a273页@c图@d26cm | |
| 300 | @a全国高职高专教学改革规划教材(汽车专业) | |
| 330 | @a本书介绍了汽车识别代号和使用性能:汽车动力性的分析、评价以及检测:汽车燃油经济性的分析、评价及检测:汽车的制动性的评价、改善以及检测;汽车操纵稳定性的评价及检测;汽车的被动安全性等内容。 | |
| 606 | 0 | @a汽车@x高等教育@j教材 |
| 606 | 0 | @a汽车 |
| 690 | @aU461@v4 | |
| 701 | 0 | @a徐志军@9xu zhi jun@4主编 |
| 801 | 0 | @aCN@b91MARC@c20171022 |
| 905 | @b1034451-5@dU461@f5@e590 | |
| 汽车性能与使用/徐志军主编.-北京:化学工业出版社,2016.3 |
| 273页:图;26cm |
| 全国高职高专教学改革规划教材(汽车专业) |
| ISBN 978-7-122-07562-8:CNY36.00 |
| 本书介绍了汽车识别代号和使用性能:汽车动力性的分析、评价以及检测:汽车燃油经济性的分析、评价及检测:汽车的制动性的评价、改善以及检测;汽车操纵稳定性的评价及检测;汽车的被动安全性等内容。 |
| ● |
| 相关链接 |
|
|
|
|
正题名:汽车性能与使用
索取号:U461/590
 
预约/预借
| 序号 | 登录号 | 条形码 | 馆藏地/架位号 | 状态 | 备注 |
| 1 | 1034451 | 210344518 | 第二样本阅览室/ [索取号:U461/590] | 在馆 | |
| 2 | 1034452 | 210344527 | 密集书库-物理学院/ [索取号:U461/590] | 在馆 | |
| 3 | 1034453 | 210344536 | 第三借阅区/ [索取号:U461/590] | 在馆 | |
| 4 | 1034454 | 210344545 | 第三借阅区/ [索取号:U461/590] | 在馆 | |
| 5 | 1034455 | 210344554 | 第三借阅区/ [索取号:U461/590] | 在馆 |